Statistics for Most-Visited Countries by Canadians

Click here to take the quiz!

General Stats

  • This quiz has been taken 14,939 times
    (14,891 since last reset)
  • The average score is 8 of 10

Answer Stats

Thousands Country % Correct
20,702United States
100%
1,926Mexico
98%
1,140France
98%
1,192United Kingdom
97%
399Spain
93%
574Germany
91%
469Italy
89%
723China
84%
800Cuba
60%
487Dominican Republic
33%

Score Distribution

Percentile by Number Answered

Percent of People with Each Score

Your Score History

You have not taken this quiz since the last reset